000 00653nam a2200181 a 4500
005 20140412111255.0
008 010326s19uu xx 00 eng d
020 _a0-590-06844-X
050 _aTR(PS E
_bMi66 1997
100 _aSmith, Mavis
245 _aMind you manners, Ben Bunny :
_ba lift-the-flap book about table manners /
_cby Mavis Smith.
260 _aNew York :
_bScholastic Inc,
_c1997.
300 _a1 v. (unp.) ; ill.
520 _aBen Bunny and his friends don't know the first thing about table manners! But their friend the crow delivers them from mess hall messiness.
650 _aManners
650 _aBehavior
999 _c103225
_d103225